| 000 | 01035nam a2200277 a 4500 | ||
|---|---|---|---|
| 001 | 000002056 | ||
| 003 | DO-SdBNP | ||
| 005 | 20240116112216.0 | ||
| 007 | 000002056 | ||
| 008 | 090630t2018 dr a 001 j spa d | ||
| 020 | _a9789945197778 | ||
| 040 |
_aBPMSU _bspa _cBPMSU |
||
| 082 | 4 |
_aRD863.08 _bH774t 2018 _222 |
|
| 092 |
_aRD863.4208 _bC112L, 2011 |
||
| 245 | 0 | 0 |
_aHonor trinitario y otros cuentos / _cEnrique Apolinar Henríquez, José Ramón López, Manuel de Jesús Troncoso de la Concha, F. e. Moscoso Puello, Abigaíl Mejía, Manuel A. Amiama, Miguel Ángel Monclús, Freddy Prestol Castillo , Hilma contreras |
| 260 |
_aSanto Domingo : _bEditorial Santillana, _c2018 |
||
| 300 |
_a119 p. : _bil. ; _c21 cm. |
||
| 500 | _a | ||
| 590 | _aInventariado, 2024/VM | ||
| 650 | 4 |
_aCuentos historicos dominicanos _xColecciones |
|
| 650 | 4 | _aLiteratura dominicana | |
| 700 | 1 |
_aLópez, José Ramón, _d1866-1922 |
|
| 700 | 1 |
_aBlanco Díaz, Andrés, _ecomp. |
|
| 910 | _aVMateo V.. Control de calidad BPMSU | ||
| 942 |
_2ddc _cBK |
||
| 999 |
_c14528 _d14528 |
||